000 00602nam a2200217Ia 4500
003 GCL
008 140319s9999 xx 000 0 ara d
040 _aGCL /
_cGCL
082 0 4 _a613.25
_bر ر
100 1 _aرفعت قمر
245 1 0 _aالرجيم بين السمنة والرشاقة /
_cرفعت قمر
260 _a[S.N] :
_bالمركز العربى الحديث
300 _a140 ص
490 _a
650 0 4 _aالتغذية
650 0 4 _aالصحة
650 0 4 _aالرجيم
650 0 4 _aالرجيم منخفض السعرات
650 0 4 _aالاغذية
942 _2ddc
_cBK
999 _c30353
_d30353